The cricket fanatic's essential guide / (Record no. 93098)

MARC details
000 -LEADER
fixed length control field 00569nam a22001817a 4500
005 - DATE AND TIME OF LATEST TRANSACTION
control field 20150602165050.0
010 ## - LCCN (DPL NO)
LC control number ENG-112733
020 ## - INTERNATIONAL STANDARD BOOK NUMBER
International Standard Book Number 9789350099834
Terms of availability 225.00
035 ## - SYSTEM CONTROL NUMBER
System control number EN-96265
037 ## - SOURCE OF ACQUISITION
Source of stock number/acquisition DBAD/PUB
082 ## - DEWEY DECIMAL CLASSIFICATION NUMBER
Classification number 796.358
100 ## - MAIN ENTRY--PERSONAL NAME
Personal name Vimal Kumar
245 ## - TITLE STATEMENT
Title The cricket fanatic's essential guide /
Statement of responsibility, etc by Vimal Kumar
260 ## - PUBLICATION, DISTRIBUTION, ETC. (IMPRINT)
Place of publication, distribution, etc Gurgaon
Name of publisher, distributor, etc Hachette Book Publishing
Date of publication, distribution, etc 2015
270 ## - ADDRESS
Address 4th & 5th Floors, Corporate Centre, Plot No.94, Sector-44,
City Gurgaon
Postal code 122003
300 ## - PHYSICAL DESCRIPTION
Extent 201p.
Dimensions 18cm(pbk)
942 ## - ADDED ENTRY ELEMENTS (KOHA)
Source of classification or shelving scheme Dewey Decimal Classification
Item type English Books
Call number suffix VIM
Classification part 796.358
Holdings
Withdrawn status Lost status Not for loan Collection code Home library Current library Date acquired Source of acquisition Cost, normal purchase price Full call number Barcode Copy number Cost, replacement price Koha item type
    Not For Loan Non-fiction D.B.Act.Division D.B.Act.Division 22/04/2015 DBAD/PUB 225.00 796.358 VIM EN-96265 1 225.00 English Books

© Delhi Public Library
Hit Counter
free hit counter